000 01069nam a2200349Ia 4500
001 57704
003 CO-BoRNBP
005 20250724161951.0
007 ta
008 121119s2000 ck a gr 000 0 spa
020 _a9586148807
040 _aCO-BoRNBP
_bspa
_erda
_cCO-BoRNBP
041 0 _aspa
082 0 4 _a523
_bE76
084 _aRES00748
245 0 0 _aEn el espacio
_cconsultor, Anthony Wilson ; ilustraciones, Jhon Egan, Eric Robson y Alan Rowe
250 _aPrimera edición
264 _aBogotá
_bPlaneta
_c2000
300 _a24 páginas
_bilustraciones
_c20 cm
336 _atexto
_btxt
_2rdacontent
337 _asin mediación
_bn
_2rdamedia
338 _avolumen
_bnc
_2rdacarrier
490 0 _aMira y aprende
650 1 4 _aAstronomía
_xLiteratura infantil
_2LEMB
_961390
650 1 4 _aSistema solar
_2LEMB
_93745
650 1 4 _aPlanetas
_2LEMB
_94607
700 1 _aWilson, Anthony
_961391
700 1 _aEgan, Jhon
_eilustrador
_961392
700 1 _aRobson, Eric
_eilustrador
_961393
700 1 _aRowe, Alan
_eilustrador
_961394
942 _2ddc
_cBK
999 _c57704
_d57704